Economic 'miracles' : Studies in the resurgence of the French, German, and Italian economies since the Second World War
Đã lưu trong:
| 主要作者: | |
|---|---|
| 格式: | 圖書 |
| 語言: | Undetermined |
| 出版: |
London
Published for the Institute of Economic Affairs by A. Deutsch
1964
|
| 主題: | |
| 標簽: |
添加標簽
沒有標簽, 成為第一個標記此記錄!
|
| Thư viện lưu trữ: | Trung tâm Học liệu Trường Đại học Cần Thơ |
|---|
| LEADER | 00669nam a2200193Ia 4500 | ||
|---|---|---|---|
| 001 | CTU_82389 | ||
| 008 | 210402s9999 xx 000 0 und d | ||
| 082 | |a 330.94 | ||
| 082 | |b H515 | ||
| 100 | |a Hennessy, Jossleyn | ||
| 245 | 0 | |a Economic 'miracles' : | |
| 245 | 0 | |b Studies in the resurgence of the French, German, and Italian economies since the Second World War | |
| 245 | 0 | |c Jossleyn Hennessy, Vera Lutz and Giuseppe Scimone | |
| 260 | |a London | ||
| 260 | |b Published for the Institute of Economic Affairs by A. Deutsch | ||
| 260 | |c 1964 | ||
| 650 | |a Economic conditions | ||
| 904 | |i Trọng Hải | ||
| 980 | |a Trung tâm Học liệu Trường Đại học Cần Thơ | ||